ბათუმის შოთა რუსთაველის სახელმწიფო უნივერსიტეტის ბიბლიოთეკა

ალქიმიკოსი (ბიბ.ჩანაწერი № 51335)

000 -ლიდერი
ფიქსირებული სიგრძის საკონტროლო ველი 00886nam a2200277Ia 4500
001 - საკონტროლო ნომერი
საკონტროლო ველი 18304
003 - საკონტროლო ნომრის იდენტიფიკატორი
საკონტროლო ველი GE_BSU
005 - ბოლო ოპერაციის თარიღი და დრო
საკონტროლო ველი 20190420232328.0
008 - ფიქსირებული სიგრძის მონაცემთა ელემენტები - ზოგადი ინფორმაცია
ფიქსირებული სიგრძის საკონტროლო ველი 181216s||||||||xx |||||||||||||| ||und||
020 ## - წიგნის საერთაშორისო სტანდარტული ნომერი
International Standard Book Number 9789941234491
040 ## - კატალოგიზაციის წყარო
Transcribing agency GE_BSU
041 ## - ენის კოდი
Language code of text/sound track or separate title geo
080 ## - უნივერსალური ათობითი კლასიფიკაციის ინდექსი
Universal Decimal Classification number 821.134.3(81)-31
100 ## - მთავარი ჩანაწერი - პიროვნების სახელი
Personal name კოელიო,პაოლო
9 (RLIN) 183
245 ## - ცნობა სათაურის შესახებ
Title ალქიმიკოსი
245 ## - ცნობა სათაურის შესახებ
Remainder of title რომანი
245 ## - ცნობა სათაურის შესახებ
Statement of responsibility, etc რედ.ლ.ქადაგიშვილი, ნ.ნეკერიშვილი. მთარგმნ. მ.გელაშვილი
260 ## - გამოქვეყნების, გავრცელების, და სხვა. ცნობები
Place of publication, distribution, etc თბილისი
260 ## - გამოქვეყნების, გავრცელების, და სხვა. ცნობები
Name of publisher, distributor, etc ბაკურ სულაკაურის გამ-ბა
260 ## - გამოქვეყნების, გავრცელების, და სხვა. ცნობები
Date of publication, distribution, etc 2015
300 ## - ფიზიკური აღწერა
Extent 132გვ.20სმ.
653 ## - INDEX TERM--UNCONTROLLED
Uncontrolled term ალქიმიკოსი
653 ## - INDEX TERM--UNCONTROLLED
Uncontrolled term რომანი
942 ## - ADDED ENTRY ELEMENTS (KOHA)
Koha item type წიგნი
Source of classification or shelving scheme
ეგზემპლარები
ჩამოწერის სტატუსი დაკარგული ეგზემპლარის სტატუსი დაზიანების სტატუსი არ გაიცემა შეძენის თარიღი შტრიხკოდი ბოლო ოპერაციის თარიღი ფასის ძალაში შესვლის თარიღი ეგზემპლარის სახეობა
        2018-12-17 46714 2018-12-17 2018-12-17 წიგნი